000 00798cam a22002654a 4500
001 12650
003 BD-RjUL
005 20211208235331.0
008 140129t20071988enka b 001 0 eng
020 _a1903996333
035 _a(BD-RjUL)12699
040 _aDLC
_cDLC
_dDLC
_dBD-RjUL
_beng
041 _aeng
082 0 0 _a620.11
_221
_bMAT 2007
245 0 0 _aMaterial forming processes /
_cedited by Anne Marie Habraken.
250 _a1st South Asia ed.
260 _aLondon :
_bSterling, VA : Kogan Page Science,
_c2007
300 _ax, 387 p. :
_bill. ;
_c24 cm.
504 _aIncludes bibliographical references and index.
650 1 _aMaterials.
_939384
650 0 _aMaterials.
_939385
700 1 _aHabraken, Anne Marie,
_d1961-
_939386
942 _2ddc
_cBK
999 _c12650
_d12650